Most Well-Known Countries on Sporcle Quiz Stats

 Plays Quiz Updated Jan 5, 2021

Support Sporcle.
Go Orange.
Score 0/20 Timer 03:00
28 Plays Today
Rank Country % Correct
1.United States
99.6%
7.China
97.7%
2.Canada
97.6%
8.France
96.7%
3.Russia
95.6%
4.Mexico
95.4%
6.United Kingdom
95.2%
11.Germany
94.3%
5.Brazil
93.5%
10.Spain
92.5%
Rank Country % Correct
13.Japan
92%
9.Australia
90.5%
12.Italy
90.4%
14.India
86.2%
20.South Africa
76.6%
19.Argentina
75.5%
15.Sweden
66.2%
18.Portugal
63.9%
17.Chile
55.5%
16.Iceland
36.7%

From the Vault

Beaded Mammals

by PrincessMartell

Science 6m
Even with those beady little eyes, these animals are pretty cute.
Remove Ads.
Support Sporcle.
Get the best of Sporcle when you Go Orange. This ad-free experience offers more features, more stats, and more fun while also helping to support Sporcle. Thank you for becoming a member.

Show Comments

Extras

Top Quizzes Today


Score Distribution

Your Account Isn't Verified!

In order to create a playlist on Sporcle, you need to verify the email address you used during registration. Go to your Sporcle Settings to finish the process.

Report this User

Report this user for behavior that violates our Community Guidelines.

Details: